00378 a2200121 450000500170000002000220001708200140003910000190005324500850007226000370015730000450019470000170023920250624082926.0 a978-0-470-17467-8 a658.8 ROB aROBERTS, R . R aAdvanced Selling for Dummies: Unique ways to grab Attention and Build your Brand aIndianabWiley Publishingc2007. axviii,362p.: ill.; picturesbIndexc23cm a Joe Kraynak